000 00649cam a2200217 4500
005 20260322212013.0
008 data
010 _a 79175423
020 _a9780553280388
040 _aDLC
_cDLC
_dDLC
050 0 0 _aHF5386
_b.M302
082 0 0 _a158/.1
092 _a158.1 M302 1972
100 1 _aMandino, Og.
245 1 4 _aThe greatest secret in the world;
_bfeaturing your own success recorder diary with the ten great scrolls for success from The greatest salesman in the world.
_cOg Mandino.
260 _aNew York,
_bBantam Books,
_c[1972]
300 _a163 p.
_c22 cm.
350 _a{dollar}4.95
650 0 _aSuccess in business.
001 data
999 _c275
_d275